00384nam a2200109Ia 4500008004100000082000800041100002100049245008600070942000600156952009700162999001500259240331s9999 xx 000 0 und d bTHI aThiruchandran, S 0aMathap punpaadin kolankalaiyum, karuththinaiyum, kaddavilkum oru paal nilai nokku cL 001040708LaWERCLbWERCLcSSCd2024-03-31l0o 305.3 THIp4831r2024-03-31w2024-03-31yL c1610d1610